Rodinné podnikanie - výskum
Rodinné podnikanie ako predmet výskumu. Analýza pôsobenia rodinných podnikov a problémov spojených s rodinným podnikaním na Slovensku. Výskum sa uskutočníl v roku 2006 a vyhodnocovali sa stanoviská 120 respondentov.
Enregistré dans:
| Auteur principal: | |
|---|---|
| Autres auteurs: | |
| Format: | Chapitre de livre |
| Langue: | slovaque |
| Sujets: | |
| Tags: |
Pas de tags, Soyez le premier à ajouter un tag!
|
MARC
| LEADER | 00000naa$a2200000$$$4500 | ||
|---|---|---|---|
| 001 | 0051479 | ||
| 005 | 20240502071613.6 | ||
| 041 | 0 | |a slo | |
| 044 | |a SK | ||
| 245 | 1 | 0 | |a Rodinné podnikanie - výskum |c Helena Strážovská, Ľubomíra Strážovská |
| 520 | |a Rodinné podnikanie ako predmet výskumu. Analýza pôsobenia rodinných podnikov a problémov spojených s rodinným podnikaním na Slovensku. Výskum sa uskutočníl v roku 2006 a vyhodnocovali sa stanoviská 120 respondentov. | ||
| 610 | 2 | 0 | |a podnikanie rodinné |
| 610 | 2 | 0 | |a podnik rodinný |
| 610 | 2 | 0 | |a prostredie podnikateľské |
| 610 | 2 | 0 | |a prieskum podnikateľský |
| 610 | 2 | 0 | |a analýzy |
| 610 | 2 | 0 | |a podnikatelia |
| 100 | 1 | |a Strážovská, Helena | |
| 700 | 1 | |a Strážovská, Ľubomíra | |